[Event "IECG CN.2001.0.00231"]
[Site "IECG email"]
[Date "2001.02.01"]
[Round "?"]
[White "Van Den Broeck, Peter"]
[Black "Charalgun, Uri"]
[Result "1-0"]
[WhiteElo "958"]
[BlackElo "800"]
[PlyCount "51"]
[EventDate "2001.02.01"]
[EventType "tourn (corr)"]
[EventRounds "6"]
[SourceTitle "Corr 2008"]
[Source "ChessBase"]
[SourceDate "2008.06.24"]
[SourceVersion "1"]
[SourceVersionDate "2008.06.24"]
[SourceQuality "1"]

1. d4 Nf6 2. c4 c5 3. Nf3 cxd4 4. Nxd4 e5 5. Nc2 d5 6. e3 Nc6 7. Nc3 Be6 8. cxd5 Nxd5 9. Bd2 Be7 10. Bb5 Rc8 11. 0-0 0-0 12. Bxc6 Rxc6 13. Nxd5 Bxd5 14. Bc3 Rg6 15. f3 Bc4 16. Rf2 Qc7 17. Rd2 Rd6 18. Bxe5 Rxd2 19. Bxc7 Rxd1+ 20. Rxd1 Bxa2 21. Rd7 Bc5 22. Bf4 b5 23. Bd6 Bxd6 24. Rxd6 a5 25. Rb6 Bc4 26. Nd4 1-0